LEADER 01262naa a2200253 u 4500 001 000000102243 003 CaOOAMICUS 005 20070226130210.0 008 060327s1986 it u000 u ger u 035 $a11083237 040 $aIAR$bita 041 0 $ager$bita 100 1 $aLipgens, Walter.$0(OLS)http://pul/name/11127 245 10$aBeispiele eines europäischen Geschichtsbewusstseins /$cWalter Lipgens. 260 $aMerano/Meran :$bIst.culturale italo-tedesco,$c[1986] 300 $aS. 307-318 ;$c25 cm 500 $aitalienische Zusammenfassung 500 $aIAR: FF-117.16 773 0 $aDie Einheit Europas und das Erziehungsproblem. 773 0 $aL'unità d'Europa e il problema educativo. 773 0 $aDeutsch-italienisches Kulturinstitut in Südtirol; Akten.$gXVI (1979) 773 0 $aAccademia di studi italo-tedeschi (Merano)$tL'unità d'Europa e il problema educativo nel mondo culturale italiano e nel mondo culturale tedesco ; Introduzione: La formazione della coscienza europea, educazione europea e organizzazione dell'insegnamento$gXVI (1979)$w()22880 996 $6245$aBeispiele eines europäischen Geschichtsbewusstseins$9(OLS)http://pul/title/129151 996 $6260$aMerano/Meran :$bIst.culturale italo-tedesco$9(OLS)http://pul/publisher/79184 LEADER 01627namaa2200373 i 4500 001 000000178140 003 CaOOAMICUS 005 20251016124903.0 007 tu 008 251016s it 000 u ita r 020 $a88-211-6685-6* 040 $aPUL$bita$erda 100 1 $aAntonazzi, Giovanni,$d1913-2007,$eautore.$0(OLS)http://pul/name/1859 245 10$aDietro il sipario :$bsprazzi di vita ecclesiastica romana /$cGiovanni Antonazzi ; prefazione di Loris Francesco Capovilla. 250 $a1a edizione 1997 264 4$c©1997. 264 1$aGenova :$bMarietti,$c[1997] 300 $a216 pagine ;$c22 cm 336 $atesto$btxt$2rdacontent 337 $asenza mediazione$bn$2rdamedia 338 $avolume$bnc$2rdacarrier 490 1 $aCollana di saggistica ;$v74 504 $aBibliografia in nota a piè pagina. 651 4$aRoma (città)$xStoria ecclesiastica.$0(OLS)http://pul/subject/11203 700 1 $aCapovilla, Loris Francesco,$ccardinale,$d1915-2016,$eautore di introduzione.$0(OLS)http://pul/name/12278 830 0$aCollana di saggistica (Marietti) ;$v74.$0(OLS)http://pul/title/132886 850 $aPUL 852 $aPUL$W1$xDP1 Fondo Liberati$y125$m2 H 5$j202023$qFondi$B207214$CPULBib$Z2$F207214 $HLib152 $82 941 1 $a1 996 $6020$a88-211-6685-6*$9(OLS)http://pul/number/170622 996 $6245$aDietro il sipario :$bsprazzi di vita ecclesiastica romana$9(OLS)http://pul/title/219702 996 $6264$aGenova :$bMarietti$9(OLS)http://pul/publisher/48994 996 $6264$a[S.l.] :$b[s.n.]$9(OLS)http://pul/publisher/0